000 00971 a2200217 4500
003 Nust
005 20230202144818.0
010 _a 00282477
020 _a0195790219
035 _a(DLC) 00282477
040 _cNust
082 0 0 _a623.2,BUR
100 1 _aJinnah, Mahomed Ali,
_9108562
245 1 0 _aJinnah :
_bSpeeches and statements 1947-1948 /
_cS. M. Burke.
260 _aKarachi :
_bOxford University Press,
_c2000.
300 _alxvii, 242 p. :
_bill. ;
_c22 cm.
505 _aIntroduction (Page-Xiii), Early Life (Page-1), Religio-Political Philosophy (Page-30), Reaction Of The Fundamentals (Page-40), Khaksars and The Congress (Page-52), Relations With The British Gov (Page-85), Confrontation With The Unionist Party (Page-117), Mashraqi and All India Muslim League (Page-160), The Last Phase 1947-1963 (Page-190), Conclusion (Page-215).
651 0 _aPakistan
_xPolitics and government.
700 1 _aBurke, S. M.
_914356
942 _2ddc
_cBK
_k623.2,BUR
999 _c186970
_d186970